Yüklüyor......

The Dynasty; A Political Biography of the Premier Ruling Family of Modern India

Detaylı Bibliyografya
Yazar: S S Gill
Materyal Türü: Printed Book
Baskı/Yayın Bilgisi: New Delhi; Happer Collins Publishers; 1996
Edisyon:1st
Konular:
LEADER 00579nam a22001577a 4500
020 |a 81-7223-245-4 
082 |a 320  |b GIL/T N6 
100 |a S S Gill  |9 309502 
245 |a The Dynasty;  |b A Political Biography of the Premier Ruling Family of Modern India 
250 |a 1st 
260 |a New Delhi;  |b Happer Collins Publishers;  |c 1996 
300 |a xiii;568p. 
650 |a English;politics  |9 309503 
942 |c BK 
999 |c 60595  |d 60595 
952 |0 0  |1 0  |4 0  |6 320_000000000000000_GIL_T_N6  |7 0  |8 POLI  |9 72833  |a MAL  |b MAL  |d 2016-09-07  |e 42809  |g 395.00  |l 0  |o 320 GIL/T N6  |p MAL042809  |r 2016-09-07  |t 1  |w 2016-09-07  |y BK